Gaming Quiz

Random Gaming or Color Quiz
Score 0/203 Timer 20:00
0 Plays Today
Set Name % Correct
LegendsNicol Bolas
83.3%
LegendsChromium
79.4%
Urza's SagaKarn, Silver Golem
75.5%
HomelandsBaron Sengir
74.5%
OdysseyKamahl, Pit Fighter
72.5%
LegendsArcades Sabboth
71.6%
LegendsPalladia-Mors
71.6%
Mercadian MasquesSquee, Goblin Nabob
71.6%
MirrodinGlissa Sunseeker
71.6%
DarksteelMemnarch
71.6%
StrongholdSliver Queen
70.6%
LegionsAkroma, Angel of Wrath
70.6%
MirrodinBosh, Iron Golem
70.6%
ScourgeKarona, False God
69.6%
AlliancesLord of Tresserhorn
68.6%
ExodusErtai, Wizard Adept
68.6%
ExodusMirri, Cat Warrior
67.6%
OnslaughtKamahl, Fist of Krosa
67.6%
StrongholdCrovax the Cursed
65.7%
InvasionHanna, Ship's Navigator
65.7%
LegendsVaevictis Asmadi
64.7%
InvasionCaptain Sisay
64.7%
InvasionCrosis, the Purger
64.7%
InvasionRith, the Awakener
64.7%
HomelandsGrandmother Sengir
63.7%
Urza's SagaBarrin, Master Wizard
63.7%
InvasionDarigaaz, the Igniter
63.7%
PlaneshiftErtai, the Corrupted
63.7%
TempestVhati il-Dal
61.8%
Urza's LegacyMultani, Maro-Sorcerer
61.8%
ApocalypseCromat
61.8%
TormentChainer, Dementia Master
61.8%
OnslaughtRorix Bladewing
61.8%
ScourgeSliver Overlord
61.8%
Urza's DestinyRofellos, Llanowar Emissary
60.8%
InvasionTreva, the Renewer
59.8%
OnslaughtArcanis the Omnipotent
59.8%
LegionsPhage the Untouchable
59.8%
ScourgeBladewing, the Risen
59.8%
DarksteelSlobad, Goblin Tinkerer
59.8%
TempestStarke of Rath
58.8%
InvasionDromar, the Banisher
58.8%
OdysseyBraids, Cabal Minion
58.8%
OdysseyAboshan, Cephalid Emperor
57.8%
OdysseyCabal Patriarch
57.8%
HomelandsIrini Sengir
56.9%
ProphecyJolrael, Empress of Beasts
56.9%
NemesisAscendant Evincar
55.9%
OnslaughtIxidor, Reality Sculptor
55.9%
HomelandsAutumn Willow
54.9%
NemesisLin Sivvi, Defiant Hero
54.9%
ProphecyGreel, Mind Raker
54.9%
HomelandsEron the Relentless
53.9%
Urza's LegacyRadiant, Archangel
53.9%
Urza's DestinyJeska, Warrior Adept
53.9%
HomelandsIhsan's Shade
52.9%
TempestSelenia, Dark Angel
52.9%
NemesisVolrath the Fallen
52.9%
TormentLlawan, Cephalid Empress
52.9%
LegendsDakkon Blackblade
52%
Ice AgeMerieke Ri Berit
52%
HomelandsChandler
52%
InvasionTsabo Tavoc
52%
OdysseyAtogatog
52%
TempestOrim, Samite Healer
51%
Mercadian MasquesCho-Manno, Revolutionary
51%
TormentBalthor the Stout
51%
OnslaughtSilvos, Rogue Elemental
51%
Set Name % Correct
LegendsAngus Mackenzie
50%
LegendsSol'kanar the Swamp King
50%
OnslaughtJareth, Leonine Titan
50%
LegendsGabriel Angelfire
49%
WeatherlightMaraxus of Keld
49%
TempestEladamri, Lord of Leaves
49%
TempestCommander Greven il-Vec
49%
Urza's DestinyBalthor the Defiled
49%
ProphecyMageta the Lion
49%
InvasionMolimo, Maro-Sorcerer
49%
PlaneshiftTahngarth, Talruum Hero
49%
TormentAmbassador Laquatus
49%
Fifth DawnRaksha Golden Cub
49%
ProphecyLatulla, Keldon Overseer
48%
OdysseyLieutenant Kirtar
48%
LegendsAdun Oakenshield
47.1%
LegendsTor Wauki
47.1%
LegendsTetsuo Umezawa
46.1%
Ice AgeGeneral Jarkeld
46.1%
OdysseyPianna, Nomad Captain
46.1%
LegendsBoris Devilboon
45.1%
LegendsJedit Ojanen
45.1%
HomelandsJoven
45.1%
LegendsJasmine Boreal
44.1%
LegendsStangg
44.1%
InvasionBlind Seer
44.1%
LegendsAyesha Tanaka
43.1%
HomelandsReveka, Wizard Savant
43.1%
MirageAsmira, Holy Avenger
43.1%
LegendsXira Arien
42.2%
HomelandsDaughter of Autumn
42.2%
AlliancesKaysa
42.2%
LegendsLady Orca
41.2%
LegendsRasputin Dreamweaver
41.2%
WeatherlightMorinfen
41.2%
Portal Three KingdomsCao Cao, Lord of Wei
41.2%
LegendsAxelrod Gunnarson
40.2%
MirageShauku, Endbringer
40.2%
WeatherlightGallowbraid
40.2%
Urza's DestinyRayne, Academy Chancellor
40.2%
OnslaughtVisara the Dreadful
39.2%
AlliancesPhelddagrif
38.2%
MirageHivis of the Scale
38.2%
MirageZirilan of the Claw
38.2%
OdysseySeton, Krosan Protector
38.2%
LegionsMistform Ultimus
38.2%
HomelandsVeldrane of Sengir
37.3%
InvasionKangee, Aerie Keeper
37.3%
InvasionReya Dawnbringer
37.3%
LegendsHazezon Tamar
36.3%
Ice AgeSkeleton Ship
36.3%
HomelandsRashka the Slayer
36.3%
MirageZuberi, Golden Feather
36.3%
Urza's DestinyCommander Eesha
36.3%
LegendsJohan
35.3%
LegendsNebuchadnezzar
35.3%
MirageHakim, Loreweaver
35.3%
TormentMajor Teroh
35.3%
LegendsGwendlyn Di Corci
34.3%
LegendsKei Takahashi
34.3%
HomelandsHazduhr the Abbot
34.3%
LegendsBarktooth Warbeard
33.3%
ApocalypseGerrard Capeshen
33.3%
LegendsHalfdane
32.4%
LegendsRubinia Soulsinger
32.4%
MirageSidar Jabari
32.4%
LegendsJerrard of the Closed Fist
31.4%
LegendsLady Caleria
31.4%
Set Name % Correct
LegendsMarhault Elsdragon
31.4%
HomelandsSoraya the Falconer
31.4%
MirageSpirit of the Night
31.4%
MirageTelim'Tor
31.4%
InvasionVerdeloth the Ancient
31.4%
LegendsLady Evangela
30.4%
LegendsRagnar
30.4%
LegendsTobias Andrion
30.4%
LegendsUr-Drago
30.4%
MiragePurraj of Urborg
30.4%
MirageRashida Scalebane
30.4%
Portal Three KingdomsKongming, 'Sleeping Dragon'
30.4%
PlaneshiftNemata, Grove Guardian
30.4%
LegendsThe Lady of the Mountain
29.4%
MirageTaniwha
29.4%
LegendsBartel Runeaxe
28.4%
LegendsRamirez DePietro
28.4%
ProphecyAlexi, Zephr Mage
28.4%
InvasionEmpress Galina
28.4%
LegendsJacques le Vert
27.5%
Portal Three KingdomsDiaochan, Artful Beauty
27.5%
Urza's DestinyThriss, Nantuko Primus
27.5%
LegendsRamses Overdark
24.5%
Portal Three KingdomsXiahou Dun, the One-Eyed
24.5%
LegendsGosta Dirk
23.5%
LegendsHunding Gjornersen
23.5%
Portal Three KingdomsHua Tuo, Honored Physician
23.5%
Portal Three KingdomsPang Tong, 'Young Phoenix'
22.5%
Portal Three KingdomsSun Quan, Lord of Wu
22.5%
LegendsKasimir the Lone Wolf
21.6%
Portal Three KingdomsLu Bu, Master-at Arms
21.6%
LegendsLord Magnus
19.6%
Ice AgeMárton Stromgald
19.6%
Portal Three KingdomsDong-Zhou, the Tyrant
19.6%
Portal Three KingdomsGuan Yu, Sainted Warrior
19.6%
Portal Three KingdomsLiu Bei, Lord of Shu
19.6%
LegendsPavel Maliki
18.6%
LegendsLivonya Silone
17.6%
LegendsRiven Turnbull
17.6%
Portal Three KingdomsCao Ren, Wei Commander
17.6%
Portal Three KingdomsLady Sun
17.6%
Portal Three KingdomsLady Zhurong, Warrior Queen
17.6%
Portal Three KingdomsMeng Huo, Barbarian King
17.6%
InvasionAtlaya, Samite Master
17.6%
LegendsPrincess Lucrezia
16.7%
LegendsSir Shandlar of Eberyn
16.7%
Portal Three KingdomsLu Xun, Scholar General
16.7%
Portal Three KingdomsMa Chao, Western Warrior
15.7%
Portal Three KingdomsSima Yi, Wei Field Marshal
15.7%
Portal Three KingdomsZhang Fei, Fierce Warrior
15.7%
Portal Three KingdomsZuo Ci, the Mocking Sage
15.7%
LegendsTuknir Deathlock
14.7%
Portal Three KingdomsHuang Zhong, Shu General
14.7%
Portal Three KingdomsZhang Liao, Hero of Hefei
14.7%
LegendsRohgahh of Kher Keep
13.7%
Portal Three KingdomsLu Su, Wu Advisor
13.7%
Portal Three KingdomsZhao Zilong, Tiger General
13.7%
Portal Three KingdomsZhuge Jin, Wu Strategist
13.7%
LegendsSvitiri Scarzam
12.7%
Portal Three KingdomsLu Meng, Wu General
12.7%
Portal Three KingdomsXun Yu, Wei Advisor
12.7%
Portal Three KingdomsYuan Shao, the Indecisive
12.7%
Portal Three KingdomsZhang He, Wei General
12.7%
Portal Three KingdomsSun Ce, Yong Conquerer
11.8%
Portal Three KingdomsZhou Yu, Chief Commander
11.8%
LegendsSunastian Flaconer
10.8%
LegendsTorston Von Ursus
9.8%
Remove Ads.
Support Sporcle.
Get the best of Sporcle when you Go Orange. This ad-free experience offers more features, more stats, and more fun while also helping to support Sporcle. Thank you for becoming a member.

You're not logged in!

Compare scores with friends on all Sporcle quizzes.
OR
Log In

Show Comments

Extras

Top Quizzes Today


Score Distribution

Your Account Isn't Verified!

In order to create a playlist on Sporcle, you need to verify the email address you used during registration. Go to your Sporcle Settings to finish the process.

Report this User

Report this user for behavior that violates our Community Guidelines.

Details: